New York - Culture générale - Statistiques

Statistiques générales
  • Ce quiz a été pris 28 310 fois
    26 895 depuis la dernière actualisation
  • Le résultat moyen est 14 sur 25
Statistiques - réponses
Information Réponse % Correct
Couleur des taxis new-yorkais Jaune
92%
Grand parc urbain de 341ha Central Park
90%
Île et arrondissement (borough) le plus dense de New York Manhattan
82%
Surnom commun de New York La Grande {Pomme}
81%
Tour de 443m, déjà escaladée par King Kong Empire State Building
79%
Nourriture fast-food au prix de 1$ dans certaines rues, et même avec des peppéronis! Pizza
71%
Rue qui donne par métonymie le nom au quartier boursier de New York Wall Street
70%
Avenue diagonale qui accueille de nombreux théâtres Broadway
68%
Pont suspendu en acier qui porte le nom du borough sud {Brooklyn} Bridge
68%
Milliardaire et politicien à ses heures perdues, qui possède sa tour sur la 5ème avenue Donald Trump
68%
Selon son nom, le type d'art exposé au MOMA Art moderne
60%
Ce que représente la date sur le livre tenu par la Statue de la Liberté Indépendance (4 juillet 1776)
59%
Quartier à la "croisée du monde", l'un des plus animé et lumineux du monde Times Square
55%
Chanteuse qui chante New York dans Empire State of Mind avec Jay-Z (2009) Alicia Keys
47%
Fleuve long de 500km qui se jette à New York Hudson
47%
Peut-être le plus grand joueur de basketball, né à New York mais qui a joué presque toute sa carrière chez les Chicago Bulls Michael Jordan
47%
Franchise de baseball aux casquettes iconiques Yankees logo New York {Yankees}
47%
Personnage de fiction joué par Jennifer Anniston dans la série Friends Rachel Green
43%
"Inventeur" qui alluma les premières lampes électriques ici Thomas Edison
41%
Artiste "Pop Art" qui s'est fait connaitre avec ses boîtes de soupe Campbell (1962) Andy Warhol
40%
Nom pre-britannique de la ville Nouvelle-Amsterdam
39%
Acteur et Travis Bickle dans Taxi Driver (1976), Jake LaMotta dans Raging Bull (1980) ou Vito Corleone dans Le Parrain 2 (1974) Robert de Niro
34%
Université ouverte en 1754, parmi les plus prestigieuses du monde Université Columbia
29%
Industriel et premier milliardaire de l'époque contemporaine dont un grand complexe Midtown porte son nom John Davison Rockefeller
25%
Mouvement littéraire et artistique né dans les années 50, et mené par Jack Kerouac notamment, qui a choqué l'Amérique puritaine {Beat} Generation
12%
Aucun quiz correspondant
Distribution des résultats
% des personnes avec chaque résultat
Percentile par nombre de réponses
Votre historique - résultats
Vous n’avez pas pris ce quiz depuis la dernière actualisation